Don't jump the gun (Record no. 81406)
[ view plain ]
| 000 -LEADER | |
|---|---|
| fixed length control field | 01056cab a22002535a 4500 |
| 001 - CONTROL NUMBER | |
| control field | L147142 |
| 008 - FIXED-LENGTH DATA ELEMENTS--GENERAL INFORMATION | |
| fixed length control field | 090406e20090328xxk f v 000 0 eng d |
| 035 ## - SYSTEM CONTROL NUMBER | |
| System control number | (Sirsi) u147142 |
| 041 0# - LANGUAGE CODE | |
| Language code of text/sound track or separate title | eng |
| 100 1# - MAIN ENTRY--PERSONAL NAME | |
| Personal name | Turner, Cara |
| 245 00 - TITLE STATEMENT | |
| Title | Don't jump the gun |
| 260 ## - PUBLICATION, DISTRIBUTION, ETC. | |
| Date of publication, distribution, etc. | 2009 |
| 490 #0 - SERIES STATEMENT | |
| Series statement | Estates Gazette |
| Volume/sequential designation | (0912) 28 March 2009, 94095(2) |
| 520 ## - SUMMARY, ETC. | |
| Summary, etc. | A 'mainly for students' article which provides an overview of the potential pitfalls of varying a lease and explains how such problems can be avoided. Explores the types of lease variation which could be deemed to constitute a surrender and regrant. Highlights the issues facing landlords and tenants when the lease is varied in this way. |
| 590 ## - LOCAL NOTE (RLIN) | |
| Local note | KA |
| 650 24 - SUBJECT ADDED ENTRY--TOPICAL TERM | |
| Topical term or geographic name entry element | FRIENDS PROVIDENT LIFE OFFICE V BRITISH RAILWAYS BOARD |
| 650 24 - SUBJECT ADDED ENTRY--TOPICAL TERM | |
| Topical term or geographic name entry element | BAKER V MERCKEL |
| 650 24 - SUBJECT ADDED ENTRY--TOPICAL TERM | |
| Topical term or geographic name entry element | CROWLEY V VITTY |
| 650 24 - SUBJECT ADDED ENTRY--TOPICAL TERM | |
| Topical term or geographic name entry element | HOLME V BRUNSKILL |
| 651 #4 - SUBJECT ADDED ENTRY--GEOGRAPHIC NAME | |
| Geographic name | England and Wales |
| Chronological subdivision | 1543- |
| 690 ## - LOCAL SUBJECT ADDED ENTRY--TOPICAL TERM (OCLC, RLIN) | |
| Topical term or geographic name as entry element | PROPERTY-COMMERCIAL PROPERTY-COMMERCIAL LANDLORD AND TENANT-COMMERCIAL LEASES |
| 700 1# - ADDED ENTRY--PERSONAL NAME | |
| Personal name | Payne, Gillian |
| 942 ## - ADDED ENTRY ELEMENTS (KOHA) | |
| Suppress in OPAC | 0 |
| Withdrawn status | Lost status | Source of classification or shelving scheme | Damaged status | Not for loan | Home library | Current library | Shelving location | Date acquired | Total Checkouts | Full call number | Barcode | Date last seen | Copy number | Price effective from | Koha item type |
|---|---|---|---|---|---|---|---|---|---|---|---|---|---|---|---|
| Dewey Decimal Classification | London | London | Journal article | 06/04/2009 | L147142 | 147142-1001 | 06/08/2019 | 1 | 06/08/2019 | Journal article |